000 00565nam a22002417a 4500
003 UA-OsUOA
001 42878
007 ta
008 20061127b un ||||| |||| 00| 0 ukr d
100 _aЧешко Ф.
090 _a821.161.1(477)
_bЧ-56
942 _cBK
040 _aUA-OsUOA
_brus
_cUA-OsUOA
_dUA-OsUOA
245 _aЗаря над Армагеддоном
300 _a336 с.
955 _a3
041 _arus
080 _a821.161.1(477)
020 _a966-8970-01-2
260 _aК.
_bСварог
_c2006
650 7 _2UDC
999 _c329000
_d329000